000 00977nam a2200253 a 4500
001 000002642
003 DO-SdBNP
005 20250621074004.0
008 090703s1953 dr r 000 0 spa d
040 _aDO-SdBNP
_bspa
_cBNPHU
049 _aBNPD
082 _a336.3435
_bH565d
100 1 _aHerrera, César A.,
_d1910-1988
_98333
245 1 0 _aDe Hartmont a Trujillo :
_bestudio para la historia de la deuda pública /
_cCesar A. Herrera.
260 _aCuidad Trujillo, República Dominicana :
_bImpresora Dominicana,
_c1953.
300 _a456 p. ;
_c23 cm.
504 _aIncluye referencias bibliográficas y notas al pie de las páginas.
650 1 4 _aDeuda externa
_xHistoria
_zRepública Dominicana
_98334
651 1 4 _aRepública Dominicana
_xCondiciones económicas
_9281
651 1 0 _aRepública Dominicana
_xPolítica y gobierno
_945
651 1 4 _aRepública Dominicana
_xHistoria
_y1865-1916
_96305
910 _aValidado. Control de calidad BNPHU
942 _2ddc
_cLBS1
999 _c2478
_d2478